000 00148nam a22000857a 4500
082 _a823
100 _aPATTY
245 _aDOUBLE DECKER BUS
942 _cBK
999 _c8134
_d8134